[Event "Oberliga Ost-A 2122"]
[Site "Germany"]
[Date "2022.04.02"]
[Round "10.6"]
[White "Kunze, Christopher"]
[Black "Kirchhof, Michael"]
[Result "1/2-1/2"]
[WhiteElo "2118"]
[BlackElo "2049"]
[PlyCount "51"]
[EventDate "2021.10.10"]
[EventType "team-tourn"]
[EventRounds "11"]
[EventCountry "GER"]
[SourceTitle "EXT 2023"]
[Source "ChessBase"]
[SourceDate "2022.10.05"]
[SourceVersion "1"]
[SourceVersionDate "2022.10.05"]
[SourceQuality "1"]
[WhiteTeam "Dresden Gruen Weiss"]
[BlackTeam "Leipzig VfB"]
[WhiteTeamCountry "GER"]
[BlackTeamCountry "GER"]

1. e4 e5 2. Nc3 Nf6 3. Bc4 Bc5 4. d3 c6 5. f4 d6 6. Nf3 Bg4 7. fxe5 Bxf3 8. Qxf3 dxe5 9. Qg3 Qe7 10. Be3 Bxe3 11. Qxe3 Nbd7 12. 0-0 b5 13. Bb3 Qc5 14. Qxc5 Nxc5 15. Rf5 Ncd7 16. a4 b4 17. Nd1 Rf8 18. Ne3 g6 19. Rf3 Nh5 20. g3 Ke7 21. a5 f6 22. Bc4 Ng7 23. Rf2 Ne6 24. Kg2 Rab8 25. h4 h5 26. Rd1 1/2-1/2